00614nam a2200193Ia 4500003000400000005001700004008004100021020003000062040001700092082002000109100002100129245006400150250007700214260003000291300002500321650003100346700002100377700002200398IIN20240122131604.0231217s9999 xx 000 0 und d cRs.2695.00a9788131253311 aIINbEnglish a610.73677 bLEW1 aLewis,Sharon L. 1 aLewis's Medical-Surgical NursingcSharon L. Lewis...[et al] a3rd South Asia edbAdaptation edited by Chintamani MS and Mrinalini Mani bElsevieraNew Delhic2018 axxxiii, 786 p. / V.11 aMedical Surgical vNursing1 aChintamani, MS 1 aMani, Mrinalini